| 000 | 00339nam a22001457a 4500 | ||
|---|---|---|---|
| 999 |
_c146355 _d146355 |
||
| 082 |
_aM301 _bVIK/V |
||
| 100 | _aVikramadithyan | ||
| 245 |
_aVikramaditya kathakal/ _cby Vikramadithyan. |
||
| 260 |
_a _b _c |
||
| 300 |
_a _e |
||
| 650 | _aStories Malayalam | ||
| 650 | _aLiterature Malayalam | ||
| 650 | _aLiterature | ||
| 942 | _cBK | ||